Score 0/11 Timer 04:00
1 Play Today
Hint Answer % Correct
LWOBBowl
96.1%
REETTree
90.9%
SHCRUCrush
89.8%
TYCONUCounty
85.8%
RUNTBBurnt
81.3%
RWOKCKLOCClockwork
81.2%
SUIJULJulius
80.8%
SOMSOLBBlossom
78.4%
GENTAAgent
78.2%
Word in common with all of the above:Orange
67.8%
RYSAUCESSyracuse
21.4%

You're not logged in!

Compare scores with friends on all Sporcle quizzes.
OR
Log In

Sporcle TV

Today on Sporcle TV


Watch our educational content, quiz creation guides, and fun videos on Sporcle TV.

Show Comments

Extras

Top Quizzes Today


Score Distribution

Your Account Isn't Verified!

In order to create a playlist on Sporcle, you need to verify the email address you used during registration. Go to your Sporcle Settings to finish the process.

Report this User

Report this user for behavior that violates our Community Guidelines.

Details: